[Event "OLNN 2324 SK Doppelbauer Turm Kiel III -"]
[Site "?"]
[Date "2024.02.25"]
[Round "6.3"]
[White "Moeller, Dustin"]
[Black "Saglam, Buelent"]
[Result "1-0"]
[WhiteElo "2206"]
[BlackElo "2118"]
[PlyCount "115"]
[EventDate "2024.??.??"]

1. d4 d5 2. c4 e6 3. Nc3 Be7 4. Nf3 f5 5. a3 c6 6. Bf4 Nf6 7. e3 O-O 8. Qc2 Ne4 9. Nxe4 fxe4 10. Ne5 Qa5+ 11. Qc3 Qxc3+ 12. bxc3 Nd7 13. Be2 Nxe5 14. Bxe5 Bf6 15. Bd6 Rd8 16. c5 b6 17. O-O Rd7 18. Rfb1 bxc5 19. Bxc5 Be7 20. Bxe7 Rxe7 21. Rb2 Rc7 22. f3 exf3 23. gxf3 c5 24. Rab1 Kf7 25. Kf2 cxd4 26. cxd4 Ke7 27. Bd3 h6 28. e4 Rc3 29. Rb3 Rxb3 30. Rxb3 Kd6 31. Ke3 Bd7 32. h4 Bc6 33. e5+ Kc7 34. f4 Rg8 35. Rb2 g6 36. Rg2 Be8 37. f5 exf5 38. Bxf5 Bf7 39. Rc2+ Kb6 40. Bd7 Rd8 41. Ba4 Be8 42. Bxe8 Rxe8 43. Rc5 Rd8 44. Kf4 Rf8+ 45. Kg4 Rd8 46. h5 g5 47. e6 Rf8 48. Rxd5 Rf4+ 49. Kg3 Re4 50. Rd6+ Kc7 51. Rd7+ Kc8 52. d5 Re5 53. Rxa7 Rxd5 54. Ra8+ Kb7 55. e7 Kxa8 56. e8=Q+ Kb7 57. Qe4 Kc6 58. Qc4+ 1-0

[Event "OLNN 2324 SK Doppelbauer Turm Kiel III -"]
[Site "?"]
[Date "2024.02.25"]
[Round "6.4"]
[White "Ghadimi, Mohammed Reza"]
[Black "Schwarz, Frank"]
[Result "0-1"]
[WhiteElo "2125"]
[BlackElo "2221"]
[PlyCount "82"]
[EventDate "2024.??.??"]

1. e4 c5 2. Nf3 Nf6 3. e5 Nd5 4. Nc3 e6 5. Bc4 Nb6 6. Bd3 Nc6 7. O-O d5 8. exd6 Bxd6 9. Re1 O-O 10. Be4 Nd4 11. a4 a6 12. a5 Nd7 13. Ra4 Nf6 14. d3 Bd7 15. Ra1 Nxe4 16. Nxe4 Be7 17. Ne5 Be8 18. c3 Nb5 19. Nc4 Qc7 20. Qf3 f6 21. Nb6 Rd8 22. Qh3 Qc6 23. f4 Bg6 24. Nf2 Nc7 25. g4 Rfe8 26. f5 exf5 27. gxf5 Bf7 28. Bf4 Nd5 29. Nxd5 Rxd5 30. c4 Rd4 31. Bg3 Bd8 32. Qg2 Qd7 33. Rxe8+ Bxe8 34. Qf3 Qe7 35. Ne4 Bc6 36. Re1 Bxa5 37. Re2 Qd8 38. Qg4 Rxd3 39. Nxc5 Bb6 40. b4 Bxc5+ 41. bxc5 Bf3 0-1

[Event "OLNN 2324 SK Doppelbauer Turm Kiel III -"]
[Site "?"]
[Date "2024.02.25"]
[Round "6.5"]
[White "Reinecker, Kai"]
[Black "Budzyn, Matthias"]
[Result "1/2-1/2"]
[WhiteElo "2217"]
[BlackElo "2037"]
[PlyCount "66"]
[EventDate "2024.??.??"]

1. e4 e5 2. Nf3 Nc6 3. Nc3 Nf6 4. Bb5 Bd6 5. O-O O-O 6. Bxc6 dxc6 7. h3 Re8 8. d3 h6 9. Be3 c5 10. a4 a5 11. Nh2 Ra6 12. b3 Be6 13. Qf3 c6 14. Ne2 Bf8 15. g4 Nh7 16. Qg2 b5 17. Ng3 c4 18. dxc4 bxc4 19. Rfd1 Qc7 20. bxc4 Bxc4 21. Nf5 c5 22. f3 Rd8 23. Nf1 Raa8 24. Qf2 Ng5 25. Bxg5 hxg5 26. N1e3 Be6 27. c4 g6 28. Ng3 Rd4 29. Qc2 Rb8 30. Ne2 Rxd1+ 31. Rxd1 Rb4 32. Nd5 Bxd5 33. Rxd5 Qb8 1/2-1/2

[Event "OLNN 2324 SK Doppelbauer Turm Kiel III -"]
[Site "?"]
[Date "2024.02.25"]
[Round "6.6"]
[White "Wanner, Lukas"]
[Black "Willsch, Matthias"]
[Result "1/2-1/2"]
[WhiteElo "2108"]
[BlackElo "2119"]
[PlyCount "40"]
[EventDate "2024.??.??"]

1. c4 e6 2. Nf3 d5 3. g3 dxc4 4. Qa4+ Nd7 5. Qxc4 c5 6. Bg2 a6 7. O-O Ngf6 8. d4 b5 9. Qd3 Bb7 10. Bg5 c4 11. Qc2 Be7 12. Nbd2 O-O 13. a4 Nd5 14. Bxe7 Qxe7 15. e4 Nb4 16. Qc3 Nb6 17. axb5 axb5 18. b3 Na2 19. Qc2 Nb4 20. Qc3 Na2 1/2-1/2

[Event "OLNN 2324 SK Doppelbauer Turm Kiel III -"]
[Site "?"]
[Date "2024.02.25"]
[Round "6.7"]
[White "Schwarzat, Julian"]
[Black "Luckow, Rolf"]
[Result "1/2-1/2"]
[WhiteElo "2137"]
[BlackElo "2186"]
[PlyCount "132"]
[EventDate "2024.??.??"]

1. e4 c6 2. d4 d5 3. exd5 cxd5 4. Bd3 Nc6 5. c3 Nf6 6. Bf4 e6 7. Nf3 Bd6 8. Bxd6 Qxd6 9. Nbd2 O-O 10. O-O e5 11. dxe5 Nxe5 12. Nxe5 Qxe5 13. Nf3 Qf4 14. Qc1 Qxc1 15. Raxc1 Bg4 16. Nd4 Rfe8 17. h3 Bd7 18. Rfd1 Rad8 19. g4 h6 20. f3 Kf8 21. Kf2 a6 22. Rd2 Bc8 23. Rcd1 g6 24. Bc2 Rd6 25. Bb3 Red8 26. Nc2 Ke7 27. Ne3 Be6 28. Rd4 g5 29. Kg3 R8d7 30. h4 Rd8 31. R1d2 R8d7 32. R2d3 Rd8 33. Rd1 R8d7 34. f4 gxf4+ 35. Kxf4 Rd8 36. Nf5+ Bxf5 37. Kxf5 Rg8 38. Re1+ Re6 39. Rg1 Re2 40. g5 hxg5 41. hxg5 Rf2+ 42. Rf4 Rxf4+ 43. Kxf4 Ne8 44. Bxd5 Nd6 45. Re1+ Kd7 46. c4 b6 47. b4 Rg7 48. Re3 Rh7 49. Kg4 Rh2 50. c5 bxc5 51. bxc5 Nb5 52. Bxf7 Kc6 53. Be8+ Kxc5 54. Bxb5 axb5 55. g6 Rxa2 56. g7 Ra8 57. Kg5 b4 58. Rf3 Rg8 59. Kg6 Kc4 60. Rf8 Rxg7+ 61. Kxg7 b3 62. Kf6 b2 63. Rb8 Kc3 64. Ke5 Kc2 65. Rc8+ Kd3 66. Rd8+ Kc2 1/2-1/2

[Event "OLNN 2324 SK Doppelbauer Turm Kiel III -"]
[Site "?"]
[Date "2024.02.25"]
[Round "6.8"]
[White "Petri, Alexander"]
[Black "Kornrumpf, Joachim"]
[Result "1-0"]
[WhiteElo "2148"]
[BlackElo "2006"]
[PlyCount "73"]
[EventDate "2024.??.??"]

1. d4 c5 2. d5 e6 3. c4 Nf6 4. Nc3 exd5 5. cxd5 d6 6. e4 g6 7. h3 Bg7 8. Nf3 O-O 9. Bd3 b5 10. Bxb5 Nxe4 11. Bd2 Nxd2 12. Qxd2 Qb6 13. Be2 Ba6 14. O-O Bxe2 15. Qxe2 Na6 16. Rfe1 Nc7 17. Rab1 Rae8 18. Qd2 Qb7 19. Qf4 Nxd5 20. Qxd6 Nxc3 21. bxc3 Rxe1+ 22. Rxe1 Bxc3 23. Re7 Qb6 24. Qd5 Bf6 25. Rb7 Qa6 26. Rc7 Qb6 27. Rc6 Qb1+ 28. Kh2 Qb2 29. Qxc5 h6 30. Qxa7 Kg7 31. a4 g5 32. Qa6 h5 33. Qb5 g4 34. Qxb2 Bxb2 35. Ng5 Bd4 36. Kg3 Bf6 37. Rxf6 1-0

[Event "OLNN 2324 TV Fischbek - FC St. Pauli II"]
[Site "?"]
[Date "2024.02.25"]
[Round "6.1"]
[White "Voigt, Martin"]
[Black "de Voogt, Juergen"]
[Result "1/2-1/2"]
[WhiteElo "2315"]
[BlackElo "2244"]
[PlyCount "118"]
[EventDate "2024.??.??"]

1. e4 c5 2. Nf3 e6 3. c3 Nf6 4. d3 b6 5. Nbd2 Bb7 6. Be2 Be7 7. O-O d6 8. Re1 Nbd7 9. Bf1 O-O 10. b3 Qc7 11. Bb2 Rad8 12. Rc1 Rfe8 13. d4 e5 14. Bc4 Bf8 15. b4 Nxe4 16. Bxf7+ Kxf7 17. Nxe4 Bxe4 18. Rxe4 d5 19. dxe5 dxe4 20. Qd5+ Ke7 21. Qxe4 h6 22. Re1 Kf7 23. Qc4+ Re6 24. Nd4 Rde8 25. f4 g6 26. g4 b5 27. Nxe6 Rxe6 28. Qxb5 c4 29. Bc1 Qb6+ 30. Qxb6 Nxb6 31. Re4 Rc6 32. Be3 Nd5 33. Bd4 Ke6 34. a4 Nxb4 35. Bxa7 Nd5 36. Bd4 Ra6 37. Kf2 Rxa4 38. h4 h5 39. Kf3 Ra3 40. Re1 hxg4+ 41. Kxg4 Be7 42. Rb1 Ra2 43. Rh1 Rg2+ 44. Kf3 Rd2 45. h5 Rd3+ 46. Kg4 gxh5+ 47. Rxh5 Nxc3 48. f5+ Kd5 49. Bxc3 Rxc3 50. Rh7 Ba3 51. e6 Re3 52. Rd7+ Kc6 53. Rd4 Kc5 54. Rd7 c3 55. e7 Kc4 56. Rc7+ Kb3 57. f6 c2 58. f7 Rxe7 59. f8=Q Rxc7 1/2-1/2

[Event "OLNN 2324 TV Fischbek - FC St. Pauli II"]
[Site "?"]
[Date "2024.02.25"]
[Round "6.2"]
[White "Kneip, Jakob"]
[Black "Trisic, Aleksandar"]
[Result "1-0"]
[WhiteElo "2147"]
[BlackElo "2254"]
[PlyCount "93"]
[EventDate "2024.??.??"]

1. e4 c5 2. Nc3 Nc6 3. Bb5 g6 4. Bxc6 dxc6 5. d3 Bg7 6. Be3 b6 7. f4 Nf6 8. Nf3 O-O 9. Qd2 a5 10. h3 a4 11. g4 a3 12. b3 b5 13. Rd1 b4 14. Nb1 Qa5 15. Ne5 Ne8 16. Nc4 Qa7 17. Qf2 Bd4 18. Ne5 Qb6 19. Nd2 f6 20. Nec4 Qc7 21. Nf3 e5 22. f5 Ba6 23. Ke2 Bxc4 24. bxc4 Nd6 25. Nd2 Qf7 26. Rdg1 Kh8 27. Rg2 Rg8 28. Rhg1 gxf5 29. gxf5 Rxg2 30. Qxg2 Rg8 31. Qxg8+ Qxg8 32. Rxg8+ Kxg8 33. Nb3 Nb7 34. Bh6 Bg1 35. Bd2 Kf7 36. Kf1 Bd4 37. Nxd4 exd4 38. Bf4 Na5 39. Ke2 Ke7 40. Bh6 Nb7 41. Bf4 Na5 42. Bc7 Nb7 43. Bb6 Kd7 44. Kf3 h5 45. Kg3 Ke7 46. Kh4 Kf7 47. Bc7 1-0

[Event "OLNN 2324 TV Fischbek - FC St. Pauli II"]
[Site "?"]
[Date "2024.02.25"]
[Round "6.3"]
[White "Jahncke, Giso"]
[Black "Rolf, Marco"]
[Result "1-0"]
[WhiteElo "2244"]
[BlackElo "2035"]
[PlyCount "81"]
[EventDate "2024.??.??"]

1. Nf3 d5 2. g3 Nf6 3. Bg2 Bf5 4. c4 c6 5. Qb3 Qb6 6. d3 Nbd7 7. O-O e6 8. cxd5 cxd5 9. Qxb6 axb6 10. Nc3 Be7 11. Nh4 Bg6 12. Nxg6 hxg6 13. Bd2 O-O 14. Rfd1 Rfc8 15. h3 Nc5 16. b3 Na6 17. e4 Nb4 18. a3 Nxd3 19. exd5 Nxd5 20. Nxd5 exd5 21. Bxd5 Rxa3 22. Rxa3 Bxa3 23. Be3 Nc5 24. Bc4 Kf8 25. Bxc5+ Rxc5 26. Rd7 Rf5 27. f4 Bc5+ 28. Kg2 g5 29. fxg5 Rf2+ 30. Kh1 Rf3 31. h4 Rxg3 32. Rxf7+ Ke8 33. Rxg7 Rh3+ 34. Kg2 Rxh4 35. Kg3 Rh1 36. Kg4 Rg1+ 37. Kf5 Be3 38. g6 Rg5+ 39. Ke6 Kf8 40. Rf7+ Kg8 41. Kf6 1-0

[Event "OLNN 2324 TV Fischbek - FC St. Pauli II"]
[Site "?"]
[Date "2024.02.25"]
[Round "6.4"]
[White "Brandt, Carina"]
[Black "Priebe, Jan"]
[Result "0-1"]
[WhiteElo "2064"]
[BlackElo "2243"]
[PlyCount "72"]
[EventDate "2024.??.??"]

1. e4 c5 2. Nc3 d6 3. Bb5+ Nd7 4. f4 a6 5. Be2 g6 6. Bf3 Bg7 7. Nge2 Rb8 8. O-O b5 9. Kh1 Bb7 10. d4 cxd4 11. Nxd4 Ngf6 12. e5 dxe5 13. Nc6 Bxc6 14. Bxc6 O-O 15. Qf3 Qc7 16. Bd2 e6 17. Rad1 Rb6 18. Bxd7 Nxd7 19. Ne4 f5 20. Ng5 h6 21. Ba5 hxg5 22. Rxd7 Qxd7 23. Bxb6 gxf4 24. Rd1 Qc8 25. Qb3 Qc6 26. Ba5 Rc8 27. h4 Kh7 28. h5 gxh5 29. Qh3 Kg6 30. c3 Bf6 31. Kh2 Qe4 32. Rd6 Rc6 33. Rd7 Qe3 34. Bb4 Qxh3+ 35. gxh3 e4 36. Kg2 f3+ 0-1

[Event "OLNN 2324 TV Fischbek - FC St. Pauli II"]
[Site "?"]
[Date "2024.02.25"]
[Round "6.5"]
[White "Breyther, Ruediger"]
[Black "Schneider, Alexander"]
[Result "1/2-1/2"]
[WhiteElo "2261"]
[BlackElo "2083"]
[PlyCount "89"]
[EventDate "2024.??.??"]

1. e4 c5 2. Nf3 Nc6 3. Bb5 d6 4. O-O Bd7 5. Re1 a6 6. Bf1 Bg4 7. h3 Bh5 8. c3 e6 9. d4 Bxf3 10. gxf3 d5 11. Be3 Nf6 12. e5 Nd7 13. f4 Qb6 14. b3 g6 15. a3 cxd4 16. cxd4 Rc8 17. b4 Qa7 18. Nd2 b5 19. Nb3 Nb6 20. Nc5 Nc4 21. a4 Bxc5 22. bxc5 Nb2 23. Qb3 Nxa4 24. Bxb5 axb5 25. Qxb5 O-O 26. Rxa4 Qc7 27. Ra6 Ne7 28. Qb6 Qd7 29. Ra7 Qe8 30. Qd6 Nf5 31. Qd7 Ra8 32. Qxe8 Rfxe8 33. Rea1 Rxa7 34. Rxa7 Kf8 35. Ra4 Rb8 36. Kf1 Rb2 37. Ke1 h5 38. Kd1 Ke8 39. Kc1 Rb7 40. Kc2 Nh4 41. Ra8+ Kd7 42. Bd2 Nf3 43. Bc3 Kc6 44. Ra6+ Kb5 45. Ra5+ 1/2-1/2

[Event "OLNN 2324 TV Fischbek - FC St. Pauli II"]
[Site "?"]
[Date "2024.02.25"]
[Round "6.6"]
[White "Peters, Thomas"]
[Black "Perez De Miguel, Alvaro"]
[Result "0-1"]
[WhiteElo "1906"]
[BlackElo "2271"]
[PlyCount "44"]
[EventDate "2024.??.??"]

1. Nc3 d5 2. e4 d4 3. Nce2 e5 4. Ng3 Be6 5. Nf3 f6 6. c3 d3 7. Nxe5 fxe5 8. Qh5+ Kd7 9. Qxe5 Nc6 10. Qb5 Bd6 11. Qxd3 Qh4 12. Be2 Rf8 13. b3 Kc8 14. Bb2 Nf6 15. Bf3 Ne5 16. Qe2 Nxf3+ 17. gxf3 Nd7 18. O-O-O Qf4 19. c4 Be5 20. Bxe5 Nxe5 21. Nh5 Qh6 22. f4 Bg4 0-1

[Event "OLNN 2324 TV Fischbek - FC St. Pauli II"]
[Site "?"]
[Date "2024.02.25"]
[Round "6.7"]
[White "Richter, Maik"]
[Black "Serrer, David"]
[Result "0-1"]
[WhiteElo "2168"]
[BlackElo "1853"]
[PlyCount "50"]
[EventDate "2024.??.??"]

1. e4 e5 2. Nf3 Nc6 3. Bc4 Nf6 4. d4 exd4 5. e5 d5 6. Bb5 Nd7 7. O-O Be7 8. Re1 O-O 9. Bxc6 bxc6 10. Nxd4 Nb8 11. Nc3 a5 12. a4 c5 13. Nf3 Bb7 14. Bf4 Ra6 15. Qd2 Rb6 16. b3 Rg6 17. Rad1 c6 18. Bg3 Bc8 19. Ne2 Bg4 20. Qd3 h5 21. h3 Bc8 22. Kh1 Na6 23. c3 Nc7 24. Qc2 h4 25. Bh2 Bd7 0-1

[Event "OLNN 2324 TV Fischbek - FC St. Pauli II"]
[Site "?"]
[Date "2024.02.25"]
[Round "6.8"]
[White "Egelriede, Nikolas"]
[Black "Kohtz, Andreas"]
[Result "0-1"]
[WhiteElo "1810"]
[BlackElo "1962"]
[PlyCount "84"]
[EventDate "2024.??.??"]

1. e4 Nf6 2. Nc3 d5 3. exd5 Nxd5 4. d4 Bf5 5. Bc4 Nxc3 6. bxc3 e6 7. Ne2 Be7 8. O-O O-O 9. Ng3 Bg6 10. Be3 Nd7 11. Be2 c5 12. Bf3 Qc7 13. Rc1 Rfd8 14. Qe2 Rac8 15. Rfd1 cxd4 16. cxd4 Ba3 17. c3 Bxc1 18. Rxc1 Nb6 19. h4 h6 20. h5 Bh7 21. Ne4 Bxe4 22. Bxe4 Nc4 23. Bb1 Nxe3 24. fxe3 Qa5 25. c4 Qg5 26. Rf1 b5 27. c5 a5 28. Qf3 Rc7 29. Bd3 Qd5 30. Qf4 e5 31. Qf5 g6 32. hxg6 fxg6 33. Qg4 exd4 34. Rf6 Rg7 35. Be4 Qg5 36. Qe6+ Kh8 37. c6 Qxe3+ 38. Kh2 Qg5 39. c7 Rxc7 40. Rxg6 Qh4+ 41. Qh3 Qxh3+ 42. Kxh3 d3 0-1

[Event "OLNN 2324 Schachfreunde HH - SC Königss"]
[Site "?"]
[Date "2024.02.25"]
[Round "6.1"]
[White "Weber, Max"]
[Black "Nedic, Dusan"]
[Result "1/2-1/2"]
[WhiteElo "2312"]
[BlackElo "2326"]
[PlyCount "44"]
[EventDate "2024.??.??"]

1. Nf3 Nf6 2. c4 e6 3. g3 d5 4. d4 Bb4+ 5. Bd2 Be7 6. Bg2 O-O 7. O-O c6 8. Qc2 Nbd7 9. Bf4 b6 10. Rd1 Ba6 11. Ne5 Rc8 12. cxd5 Nxd5 13. Nc3 Nxe5 14. Bxe5 f6 15. Bf4 Nxf4 16. gxf4 f5 17. Qa4 Bb7 18. Qxa7 Qc7 19. Nb5 Qd7 20. Nc3 Qc7 21. Nb5 Qd7 22. Nc3 Qc7 1/2-1/2

[Event "OLNN 2324 Schachfreunde HH - SC Königss"]
[Site "?"]
[Date "2024.02.25"]
[Round "6.2"]
[White "Hourigan, Gerrit"]
[Black "Zimmermann, Julian"]
[Result "1/2-1/2"]
[WhiteElo "2286"]
[BlackElo "2282"]
[PlyCount "43"]
[EventDate "2024.??.??"]

1. d4 Nf6 2. c4 e6 3. Nf3 c5 4. d5 exd5 5. cxd5 d6 6. Nc3 g6 7. Nd2 Nbd7 8. e4 Bg7 9. Be2 O-O 10. O-O Re8 11. f3 a6 12. a4 Rb8 13. Nc4 Nb6 14. Ne3 Bd7 15. Bd2 Nc8 16. a5 Na7 17. Qb3 Nh5 18. f4 Nb5 19. Bxh5 gxh5 20. Qd1 Nxc3 21. bxc3 Qh4 22. Qf3 1/2-1/2

[Event "OLNN 2324 Schachfreunde HH - SC Königss"]
[Site "?"]
[Date "2024.02.25"]
[Round "6.3"]
[White "Schmidt, Jan-Peter"]
[Black "Ritscher, Jan-Paul"]
[Result "1/2-1/2"]
[WhiteElo "2264"]
[BlackElo "2240"]
[PlyCount "55"]
[EventDate "2024.??.??"]

1. c4 e6 2. g3 d5 3. Bg2 Nf6 4. Nf3 dxc4 5. Qa4+ c6 6. Qxc4 b5 7. Qb3 Bb7 8. O-O Nbd7 9. d4 a6 10. Ne5 Qb6 11. a4 Nxe5 12. dxe5 Nd7 13. axb5 cxb5 14. Nc3 Bxg2 15. Kxg2 Qc6+ 16. f3 Nxe5 17. Bf4 Ng6 18. Nxb5 Nxf4+ 19. gxf4 Rb8 20. Nd4 Rxb3 21. Nxc6 Rb6 22. Rfc1 Bd6 23. Ne5 Ke7 24. Rc6 Rhb8 25. Rxa6 Rxa6 26. Rxa6 Bxe5 27. fxe5 Rxb2 28. Ra7+ 1/2-1/2

[Event "OLNN 2324 Schachfreunde HH - SC Königss"]
[Site "?"]
[Date "2024.02.25"]
[Round "6.4"]
[White "Hermesmann, Hans"]
[Black "Borgmeyer, Max"]
[Result "0-1"]
[WhiteElo "2221"]
[BlackElo "2202"]
[PlyCount "189"]
[EventDate "2024.??.??"]

1. d4 Nf6 2. Nf3 e6 3. e3 b6 4. Bd3 Bb7 5. O-O c5 6. c4 Be7 7. Nc3 cxd4 8. exd4 d5 9. Re1 dxc4 10. Bxc4 O-O 11. Bd3 Nbd7 12. Bc2 Nd5 13. Qd3 N7f6 14. a3 Rc8 15. Ne5 Qc7 16. Bd2 Rfd8 17. Nxd5 Bxd5 18. Rac1 Qb7 19. f3 g6 20. Ba4 a6 21. Rxc8 Rxc8 22. Rc1 b5 23. Rxc8+ Qxc8 24. Bd1 Nd7 25. Nxd7 Qxd7 26. Qc3 Bf6 27. Be3 Qc6 28. Qxc6 Bxc6 29. Bc2 Kf8 30. Kf2 Ke7 31. Ke2 Bd5 32. b3 Kd6 33. Kd3 Bg7 34. Bf4+ Kc6 35. Kc3 Bf8 36. b4 Bg7 37. Bd3 h6 38. Be2 g5 39. Bg3 h5 40. h3 h4 41. Bh2 f6 42. Bf1 Bf8 43. Bg1 Be7 44. Bf2 Bd6 45. Be3 Bg3 46. Bd3 Kd6 47. Kd2 Bc4 48. Kc2 Bxd3+ 49. Kxd3 Kd5 50. Bd2 Bc7 51. Bc1 Bb6 52. Bb2 Ba7 53. Bc3 Bb8 54. Bd2 Bg3 55. Bc3 Bf2 56. Bb2 Bg1 57. Bc3 Bh2 58. Bd2 Bc7 59. Bc1 Bb6 60. Bb2 a5 61. bxa5 Bxa5 62. Bc1 Bb6 63. Bb2 Bc7 64. Bc1 Bg3 65. Bd2 Bh2 66. Bc1 Bg1 67. Bb2 Bf2 68. Bc3 Bg3 69. Bd2 Bh2 70. Bc3 Bd6 71. Bb2 Bf4 72. Bc3 Bc1 73. Bb4 Bb2 74. Bc5 f5 75. Be7 Bxd4 76. Bxg5 Bf2 77. Ke2 Bg3 78. Kd3 e5 79. Bd2 Bf2 80. Bg5 e4+ 81. fxe4+ fxe4+ 82. Ke2 Bc5 83. Bxh4 Bxa3 84. g4 Bc5 85. Bf6 Bd4 86. g5 Be5 87. Be7 Ke6 88. Bb4 Kf5 89. Bd2 Bd6 90. h4 b4 91. h5 b3 92. Bc1 Be5 93. h6 b2 94. Bxb2 Bxb2 95. g6 0-1

[Event "OLNN 2324 Schachfreunde HH - SC Königss"]
[Site "?"]
[Date "2024.02.25"]
[Round "6.5"]
[White "Skibbe, Willi"]
[Black "Andersen, Jens Knud"]
[Result "1/2-1/2"]
[WhiteElo "2173"]
[BlackElo "2179"]
[PlyCount "147"]
[EventDate "2024.??.??"]

1. d4 d5 2. Nf3 Nf6 3. e3 c5 4. Nbd2 Nc6 5. dxc5 e6 6. Nb3 Ne4 7. c4 dxc4 8. Qxd8+ Kxd8 9. Bxc4 Nxc5 10. Nbd4 Bd7 11. Nxc6+ Bxc6 12. Ne5 Be8 13. b4 Nd7 14. Nd3 Bd6 15. Bb2 Ke7 16. e4 Nb6 17. Bb3 Bb5 18. e5 Bb8 19. Nc5 Nd7 20. Nxd7 Bxd7 21. Bd4 Rc8 22. Kd2 a5 23. a3 Ba7 24. Bxa7 Rxa7 25. Rhc1 Rca8 26. Rab1 axb4 27. axb4 Bc6 28. g3 Rd8+ 29. Ke1 Rd4 30. Rc4 Rd5 31. f4 Ra3 32. Rc2 Rd4 33. Ra2 Rxa2 34. Bxa2 Bb5 35. Rb2 Ba4 36. Kf2 Bb5 37. Bb1 h6 38. Ke3 Rc4 39. Be4 Bc6 40. Bd3 Rc1 41. b5 Bd5 42. b6 Kd7 43. Bb5+ Bc6 44. Rd2+ Ke7 45. Bd3 Rc5 46. Rc2 Rxc2 47. Bxc2 h5 48. Kd4 g6 49. Kc5 Bd5 50. Bd1 Be4 51. Ba4 Bf3 52. Bb5 Be4 53. Kd4 Bd5 54. Ke3 Kd8 55. Ba4 Bg2 56. Kf2 Bd5 57. Ke3 Bg2 58. Kd4 Ke7 59. Bd1 Bc6 60. g4 hxg4 61. Bxg4 Bg2 62. Bd1 Bc6 63. Be2 Kd7 64. Kc5 Ke7 65. h4 Kd7 66. Bd1 Ke7 67. Bg4 Be4 68. Kd4 Bg2 69. h5 gxh5 70. Bxh5 Bc6 71. Bg4 Bg2 72. f5 exf5 73. Bxf5 Bc6 74. Bg4 1/2-1/2

[Event "OLNN 2324 Schachfreunde HH - SC Königss"]
[Site "?"]
[Date "2024.02.25"]
[Round "6.6"]
[White "Bokelbrink, Uwe"]
[Black "Lampe, Joerg"]
[Result "1/2-1/2"]
[WhiteElo "2233"]
[BlackElo "2110"]
[PlyCount "96"]
[EventDate "2024.??.??"]

1. e4 c5 2. Nf3 Nc6 3. Bb5 e6 4. Bxc6 bxc6 5. d3 Ne7 6. h4 h5 7. Nc3 d5 8. b3 Ng6 9. Qe2 c4 10. bxc4 Bb4 11. Bd2 Nf4 12. Qf1 Qa5 13. Ne2 dxe4 14. dxe4 e5 15. Nxf4 exf4 16. Qd3 Be6 17. c3 Ba3 18. Nd4 Rd8 19. Qc2 Qa6 20. Nxe6 fxe6 21. Bxf4 Qxc4 22. Rh3 O-O 23. Bg5 Rd4 24. Re3 Bc5 25. Qe2 Rxe4 26. Qxc4 Rxc4 27. Re2 Rxc3 28. Rd1 Rf5 29. Rd8+ Kh7 30. Re8 Bb4 31. Kf1 Rd5 32. g3 e5 33. R8xe5 Rxe5 34. Rxe5 Rc2 35. Re2 Rxe2 36. Kxe2 Kg6 37. Be3 a6 38. Kd3 Kf5 39. a4 Kg4 40. Ke4 g6 41. Bd4 c5 42. Be3 c4 43. Kd4 c3 44. Kc4 Ba5 45. Kd3 Kf3 46. Kc2 Ke2 47. Bc5 Kf3 48. Be3 Ke2 1/2-1/2

[Event "OLNN 2324 Schachfreunde HH - SC Königss"]
[Site "?"]
[Date "2024.02.25"]
[Round "6.7"]
[White "Langmann, Markus"]
[Black "Gremmel, Jonas Simon"]
[Result "0-1"]
[WhiteElo "2065"]
[BlackElo "2090"]
[PlyCount "76"]
[EventDate "2024.??.??"]

1. e4 c6 2. d4 d5 3. exd5 cxd5 4. Bd3 Nf6 5. Nf3 g6 6. c3 Bg7 7. Bf4 O-O 8. Nbd2 Nc6 9. Ne5 Nh5 10. Nxc6 bxc6 11. Be3 Qd6 12. Qf3 f5 13. Nb3 f4 14. Bd2 e5 15. dxe5 Qxe5+ 16. Kf1 Rb8 17. Re1 Qd6 18. h4 Bd7 19. Kg1 a5 20. Bc1 a4 21. Nd4 Kh8 22. Qd1 c5 23. Nf3 a3 24. Qc2 axb2 25. Bxb2 c4 26. Be2 Bf5 27. Qd2 Nf6 28. Qc1 Qb6 29. Ba3 Ne4 30. Bxf8 Qxf2+ 31. Kh2 Qg3+ 32. Kg1 Bxf8 33. Rd1 Bc5+ 34. Rd4 Bxd4+ 35. cxd4 Nf2 36. Qa3 Ng4 37. Rh3 Qf2+ 38. Kh1 Rb1+ 0-1

[Event "OLNN 2324 Schachfreunde HH - SC Königss"]
[Site "?"]
[Date "2024.02.25"]
[Round "6.8"]
[White "Mix, Clemens"]
[Black "Hloskovsky, Andrei"]
[Result "0-1"]
[WhiteElo "2046"]
[BlackElo "2089"]
[PlyCount "60"]
[EventDate "2024.??.??"]

1. d4 Nf6 2. c4 a6 3. Nc3 c5 4. d5 b5 5. cxb5 axb5 6. Nxb5 Qa5+ 7. Nc3 Bb7 8. Bd2 Qb6 9. e4 e6 10. dxe6 fxe6 11. Bd3 Nc6 12. Nf3 Be7 13. O-O O-O 14. Re1 Ng4 15. h3 Nge5 16. Nxe5 Nxe5 17. Bf1 Bh4 18. Be3 Qxb2 19. Ne2 Bxe4 20. Bxc5 Nd3 21. g3 Nxc5 22. gxh4 Nd3 23. Bg2 Nxe1 24. Bxe4 Nf3+ 25. Kh1 d5 26. Bc2 Rxa2 27. Rxa2 Qxa2 28. Bb3 Qd2 29. Kg2 Nxh4+ 30. Kf1 Qe3 0-1

[Event "OLNN 2324 Preetzer TSV - TV Fischbek"]
[Site "?"]
[Date "2024.03.17"]
[Round "7.1"]
[White "de Voogt, Juergen"]
[Black "Fries-Nielsen, Jens Ove"]
[Result "0-1"]
[WhiteElo "2256"]
[BlackElo "2364"]
[PlyCount "114"]
[EventDate "2024.??.??"]

1. e4 d6 2. Nc3 a6 3. g3 b5 4. Bg2 Bb7 5. d3 Nf6 6. Be3 e6 7. f4 c5 8. Qe2 Nc6 9. Nf3 Be7 10. O-O O-O 11. h3 e5 12. Qf2 exf4 13. gxf4 b4 14. Ne2 d5 15. Ng3 d4 16. Bd2 Re8 17. Ne5 Bf8 18. Nf5 g6 19. Nh4 Be7 20. Nhf3 Nh5 21. Ng4 Qc7 22. Ng5 Bf8 23. e5 Ne7 24. Ne4 Nf5 25. Ngf6+ Nxf6 26. Nxf6+ Kh8 27. Be4 Be7 28. Nxe8 Rxe8 29. Bxf5 gxf5 30. Kh2 Rg8 31. Rg1 Rg6 32. Qe2 Rh6 33. Rg3 Bh4 34. Rag1 Bxg3+ 35. Rxg3 Qc6 36. Qf1 Rg6 37. Be1 Kg8 38. Rg1 Kf8 39. Bh4 Ke8 40. Bg5 a5 41. b3 a4 42. h4 Qf3 43. Qxf3 Bxf3 44. Rf1 Bg4 45. Bf6 Kd7 46. Rf2 Rg8 47. Rd2 Bh5 48. Rf2 Ke6 49. Kh1 Rg3 50. Kh2 Re3 51. bxa4 Re1 52. Rg2 Bg4 53. Bd8 Ra1 54. Bb6 Kd5 55. a5 Kc6 56. c4 dxc3 57. d4 Bf3 0-1

[Event "OLNN 2324 Preetzer TSV - TV Fischbek"]
[Site "?"]
[Date "2024.03.17"]
[Round "7.2"]
[White "Vinter-Schou, Uffe"]
[Black "Kneip, Jakob"]
[Result "1/2-1/2"]
[WhiteElo "2345"]
[BlackElo "2164"]
[PlyCount "84"]
[EventDate "2024.??.??"]

1. e4 e6 2. d4 d5 3. e5 c5 4. c3 Nc6 5. Nf3 Bd7 6. Be2 Rc8 7. O-O h6 8. Be3 Qb6 9. Qd2 cxd4 10. Bxd4 Nxd4 11. Nxd4 Ne7 12. Bd3 Nc6 13. Nxc6 Bxc6 14. Qe2 a5 15. a4 Bc5 16. Bb5 Bxb5 17. axb5 Be7 18. Ra4 O-O 19. Rf4 g6 20. h4 h5 21. Re1 Kg7 22. Qd3 Qd8 23. g3 Qb6 24. Kg2 Rh8 25. Re3 Rhf8 26. Ref3 f5 27. exf6+ Rxf6 28. Rxf6 Bxf6 29. Nd2 Rd8 30. Qe3 Qxe3 31. Rxe3 d4 32. cxd4 Rxd4 33. Nb3 Rb4 34. Nxa5 b6 35. Nc6 Rxb2 36. Rxe6 Kf7 37. Rd6 Rxb5 38. f4 Rb2+ 39. Kf3 Rb3+ 40. Kf2 Rb2+ 41. Kf3 Rb3+ 42. Kf2 Rb2+ 1/2-1/2

[Event "OLNN 2324 Preetzer TSV - TV Fischbek"]
[Site "?"]
[Date "2024.03.17"]
[Round "7.4"]
[White "Light, Bjarne"]
[Black "Brandt, Carina"]
[Result "1-0"]
[WhiteElo "2230"]
[BlackElo "2062"]
[PlyCount "115"]
[EventDate "2024.??.??"]

1. c4 Nf6 2. g3 g6 3. Bg2 Bg7 4. Nc3 O-O 5. d3 c6 6. e4 Na6 7. Nge2 Nc7 8. h3 d5 9. cxd5 cxd5 10. e5 Nd7 11. d4 Nb6 12. O-O f6 13. exf6 Bxf6 14. a4 e6 15. a5 Nc4 16. Qc2 Rf7 17. Ne4 Bg7 18. Ng5 Rf5 19. h4 Nb5 20. Bh3 Nxd4 21. Nxd4 Bxd4 22. Bxf5 gxf5 23. Nf3 Bg7 24. Bg5 Qd6 25. b3 Bxa1 26. Rxa1 Ne5 27. Qe2 Nxf3+ 28. Qxf3 Bd7 29. Re1 Rc8 30. Bf6 Qb4 31. Qe3 Kf7 32. Bd4 Rg8 33. Kh2 Rg4 34. Rd1 Qd6 35. Qh6 Ke8 36. Qxh7 Qf8 37. Be5 Qg8 38. Qh6 Qg6 39. Qc1 Bc6 40. f3 Rb4 41. Qc3 Rb5 42. a6 d4 43. Qxd4 Rd5 44. axb7 Bxb7 45. Qa4+ Kd8 46. Rxd5+ Bxd5 47. Qxa7 f4 48. Qc7+ Ke8 49. Bxf4 Qd3 50. Qc8+ Ke7 51. Bg5+ Kd6 52. Bf4+ Ke7 53. Qc5+ Ke8 54. Qe3 Qf1 55. h5 Kd7 56. Qa7+ Kd8 57. Qc7+ Ke8 58. Bd6 1-0